00879nab a2200217 4500003001000000005001700010008004100027040001400068041000800082100004800090245005300138260003500191300001300226500022600239650002600465650001000491650002700501650001700528650002300545773009300568AR-RoBPED20260430091952.0260430b |||||||| |||| 00| 0 spa d aAR-RoBPED aspa1 aPaez, MarianaeDoctora en Ciencias Sociales1 aExpresión creativa en la formación docente / aBuenos Aires :bNoveduc,c2023 a42-45 p. aLa autora señala la necesidad de que la creatividad esté presente en todos los espacios educativos y se desarrolle en el devenir cotidiano del aula, sin quedar relegad a las clases de arte o a talleres específicos.  7aFORMACION DE DOCENTES 7aAULAS 7aESPACIOS EDUCACIONALES 7aCREATIVIDAD  7aTALLERES ESCOLARES0 020414dBuenos Aires : Noveduc, 1993-tNovedades Educativasw(AR-RoBPED)20414x03283534